Virgil van Dijk - Liverpool Chant - Statistics

General Stats
  • This quiz has been taken 22 times
  • The average score is 6 of 7
Answer Stats
Lyric % Correct
Watch him {defend}
100%
And we watch him {score}
92%
{Calm} as you like
92%
He's our {number} {four}
92%
He's {Virgil} {Van} {Dijk} x2
92%
He'll {pass} the {ball}
77%
He's our {Center}-{Half}
77%
No matching quizzes found
Score Distribution
Percent of People with Each Score
Percentile by Number Answered
Your Score History
You have not taken this quiz